[Event "Chess24 Banter Blitz Cup"]
[Site "chess24.com INT"]
[Date "2020.01.08"]
[Round "1.9"]
[White "Tang, Andrew"]
[Black "Melkumyan, Hrant"]
[Result "1-0"]
[WhiteTitle "GM"]
[BlackTitle "GM"]
[WhiteElo "2507"]
[BlackElo "2650"]
[WhiteFideId "2059630"]
[BlackFideId "13302485"]
[EventDate "2019.09.25"]
[EventType "blitz"]

1. d4 Nf6 2. c4 g6 3. f3 c5 4. d5 e6 5. e4 exd5 6. cxd5 d6 7. Nc3 a6 8. a4 Bg7
9. Nge2 Nbd7 10. Ng3 h5 11. Bg5 Qb6 12. Qd2 h4 13. a5 Qc7 14. Nge2 Ne5 15. Ng1
c4 16. Be3 O-O 17. h3 Nfd7 18. f4 Nd3+ 19. Bxd3 cxd3 20. Qxd3 Nc5 21. Qc4 Bd7
22. e5 Rac8 23. Nf3 Bf5 24. Bxc5 Qxc5 25. Qxc5 Rxc5 26. O-O dxe5 27. fxe5 Re8
28. Rfe1 Bd7 29. Re3 Kf8 30. Rf1 Kg8 31. Kh1 Rxa5 32. Rfe1 Rc5 33. Nxh4 b5 34.
e6 fxe6 35. dxe6 Bc8 36. Nxg6 Rc6 37. Nd5 Rcxe6 38. Nde7+ Kf7 39. Rf1+ Bf6 40.
Ref3 R8xe7 41. Nxe7 Kxe7 42. R3f2 Bb7 43. Rd2 Be4 44. Kh2 a5 45. g4 a4 46. Kg3
Be5+ 47. Kh4 b4 48. Re1 Bc6 49. Rde2 Kd6 50. g5 a3 51. bxa3 bxa3 52. g6 Bf6+ 53.
Kh5 Rxe2 54. Rxe2 Bd5 55. Kh6 a2 56. Re1 a1=Q 57. Rxa1 Bxa1 58. g7 Bg8 59. Kg6
Ke7 60. h4 Ba2 61. h5 Bb1+ 62. Kh6 Ba2 63. Kh7 Bb1+ 64. Kg8 Bc2 65. h6 Be5 66.
Kh8 Bb3 67. Kh7 Bc2+ 68. Kg8 Bg6 69. h7 Bf7+ 70. Kh8 Bg6 71. Kg8 Kf6 72. h8=Q
Bf7+ 73. Kf8 Bg6 74. g8=Q+ Kf5 75. Qxe5+ Kxe5 76. Qxg6 Kf4 77. Kg7 Ke3 78. Qf6
Ke2 79. Kg6 Kd1 80. Qf5 Kc1 81. Kg5 1-0

[Event "Chess24 Banter Blitz Cup"]
[Site "chess24.com INT"]
[Date "2020.01.07"]
[Round "1.1"]
[White "Akobian, Varuzhan"]
[Black "Idani, Pouya"]
[Result "1-0"]
[WhiteTitle "GM"]
[BlackTitle "GM"]
[WhiteElo "2625"]
[BlackElo "2568"]
[WhiteFideId "13300580"]
[BlackFideId "12510130"]
[EventDate "2019.09.25"]
[EventType "blitz"]

1. d4 d6 2. Nf3 Nf6 3. c4 g6 4. Nc3 Bf5 5. Bg5 Bg7 6. e3 O-O 7. Bd3 Bxd3 8. Qxd3
Nbd7 9. O-O h6 10. Bh4 Re8 11. Rfd1 c6 12. Rac1 Qa5 13. a3 Qh5 14. b4 e5 15.
dxe5 dxe5 16. Bxf6 Nxf6 17. Nd2 Rad8 18. Qc2 Qg4 19. h3 Qe6 20. c5 e4 21. Ne2 g5
22. Nd4 Qc8 23. Nc4 Re6 24. Nd6 Rexd6 25. cxd6 Rxd6 26. Nb3 Rxd1+ 27. Rxd1 Qe8
28. Nc5 Qe7 29. Rd4 g4 30. hxg4 Nxg4 31. Qxe4 Ne5 32. Nd3 f5 33. Qxf5 1-0

[Event "Chess24 Banter Blitz Cup"]
[Site "chess24.com INT"]
[Date "2020.01.07"]
[Round "1.2"]
[White "Idani, Pouya"]
[Black "Akobian, Varuzhan"]
[Result "1-0"]
[WhiteTitle "GM"]
[BlackTitle "GM"]
[WhiteElo "2568"]
[BlackElo "2625"]
[WhiteFideId "12510130"]
[BlackFideId "13300580"]
[EventDate "2019.09.25"]
[EventType "blitz"]

1. d4 d5 2. Nf3 Nf6 3. c4 e6 4. Nc3 Be7 5. g3 O-O 6. Bg2 c6 7. O-O Nbd7 8. b3 b6
9. Bb2 Bb7 10. Qc2 Rc8 11. Rfd1 c5 12. dxc5 Rxc5 13. Ba3 Rc8 14. Bxe7 Qxe7 15.
Nd4 Rfd8 16. Qb2 Nc5 17. b4 Nce4 18. Nxe4 Nxe4 19. cxd5 Bxd5 20. Rac1 h6 21. a3
Qb7 22. f3 Nd6 23. e4 Bc4 24. e5 Nf5 25. f4 Qa6 26. Nc6 Rxd1+ 27. Rxd1 Qa4 28.
Rc1 Rxc6 29. Bxc6 Qxc6 30. Qg2 Qb5 31. Qe4 Bd5 32. Rc8+ Kh7 33. Qc2 h5 34. Rc7
Kg6 35. h3 Kh6 36. g4 g6 37. gxf5 exf5 38. Qf2 Be6 39. Rc3 1-0

[Event "Chess24 Banter Blitz Cup"]
[Site "chess24.com INT"]
[Date "2020.01.07"]
[Round "1.3"]
[White "Akobian, Varuzhan"]
[Black "Idani, Pouya"]
[Result "1/2-1/2"]
[WhiteTitle "GM"]
[BlackTitle "GM"]
[WhiteElo "2625"]
[BlackElo "2568"]
[WhiteFideId "13300580"]
[BlackFideId "12510130"]
[EventDate "2019.09.25"]
[EventType "blitz"]

1. d4 d5 2. c4 e6 3. Nc3 a6 4. cxd5 exd5 5. Nf3 Nf6 6. Bg5 Be6 7. e3 Nbd7 8. h3
Bd6 9. Bd3 c6 10. Bf4 Qb8 11. Qd2 O-O 12. O-O Nh5 13. Bxd6 Qxd6 14. Rab1 g6 15.
b4 Ng7 16. Na4 Bf5 17. Nc5 Rab8 18. Rfc1 Bxd3 19. Qxd3 Nb6 20. Nd2 Qe7 21. a4
Nf5 22. b5 cxb5 23. axb5 a5 24. Ra1 Ra8 25. Qc3 a4 26. Qb4 Ra7 27. Nb1 Nc4 28.
Nd3 Qg5 29. Qe1 Nfd6 30. Nc3 Ra5 31. Rxa4 Rxa4 32. Nxa4 Nxb5 33. Nc3 Nxc3 34.
Qxc3 Re8 35. Nf4 b5 36. Rb1 Rb8 37. Qb4 h5 38. Qc5 Nd2 39. Rxb5 Rxb5 40. Qxb5
Nf3+ 41. Kh1 Nxd4 42. Qb8+ Kg7 43. exd4 Qf5 44. Qe5+ Qxe5 45. dxe5 d4 46. Nd3 g5
47. f3 Kg6 48. Kg1 Kf5 49. Kf2 g4 50. hxg4+ hxg4 51. Kg3 gxf3 52. Kxf3 f6 53.
exf6 Kxf6 54. Kf4 Kg6 55. Ke4 Kf6 56. Kxd4 Kg5 57. Ke3 Kg4 58. Nf4 Kg5 1/2-1/2

[Event "Chess24 Banter Blitz Cup"]
[Site "chess24.com INT"]
[Date "2020.01.07"]
[Round "1.4"]
[White "Idani, Pouya"]
[Black "Akobian, Varuzhan"]
[Result "1/2-1/2"]
[WhiteTitle "GM"]
[BlackTitle "GM"]
[WhiteElo "2568"]
[BlackElo "2625"]
[WhiteFideId "12510130"]
[BlackFideId "13300580"]
[EventDate "2019.09.25"]
[EventType "blitz"]

1. c4 e6 2. Nf3 d5 3. g3 Nf6 4. b3 d4 5. Bg2 c5 6. b4 cxb4 7. a3 Nc6 8. O-O a5
9. d3 e5 10. axb4 Bxb4 11. Ba3 Bg4 12. h3 Bh5 13. Nbd2 O-O 14. g4 Bg6 15. Nh4
Qe7 16. Nxg6 hxg6 17. Qb3 Nd7 18. Bxb4 axb4 19. Qb2 Rfb8 20. e3 Nc5 21. Rxa8
Rxa8 22. Bxc6 bxc6 23. Qxb4 Kf8 24. exd4 exd4 25. Nf3 Nxd3 26. Qxe7+ Kxe7 27.
Nxd4 c5 28. Nb5 Ra4 29. Rd1 Ne5 30. Rd5 f6 31. Rxc5 Rxc4 32. Rxc4 Nxc4 33. Kg2
g5 34. Nd4 Nd6 35. Kg3 g6 36. f4 gxf4+ 37. Kxf4 g5+ 38. Kg3 Kf7 39. h4 gxh4+ 40.
Kxh4 Kg6 41. Kg3 f5 42. gxf5+ Nxf5+ 1/2-1/2

[Event "Chess24 Banter Blitz Cup"]
[Site "chess24.com INT"]
[Date "2020.01.07"]
[Round "1.5"]
[White "Akobian, Varuzhan"]
[Black "Idani, Pouya"]
[Result "1-0"]
[WhiteTitle "GM"]
[BlackTitle "GM"]
[WhiteElo "2625"]
[BlackElo "2568"]
[WhiteFideId "13300580"]
[BlackFideId "12510130"]
[EventDate "2019.09.25"]
[EventType "blitz"]

1. d4 Nf6 2. c4 c5 3. d5 e6 4. Nc3 exd5 5. cxd5 d6 6. e4 g6 7. h3 Bg7 8. Nf3 O-O
9. Bd3 b5 10. Bxb5 Nxe4 11. Nxe4 Qa5+ 12. Nfd2 Qxb5 13. Nxd6 Qa6 14. N2c4 Nd7
15. O-O Ne5 16. Nxe5 Qxd6 17. Nc4 Qa6 18. Ne3 Rb8 19. Qc2 Bd4 20. Rd1 Bd7 21. a4
Rb4 22. a5 Rfb8 23. Ra2 h5 24. Ra3 Qf6 25. b3 Bb5 26. Bd2 Ba6 27. Bxb4 cxb4 28.
Ra4 Bc3 29. d6 Rd8 30. d7 Bb5 31. Nd5 Qe5 32. Nxc3 Qxc3 33. Qxc3 bxc3 34. Rad4
c2 35. Rc1 1-0

[Event "Chess24 Banter Blitz Cup"]
[Site "chess24.com INT"]
[Date "2020.01.07"]
[Round "1.6"]
[White "Idani, Pouya"]
[Black "Akobian, Varuzhan"]
[Result "1-0"]
[WhiteTitle "GM"]
[BlackTitle "GM"]
[WhiteElo "2568"]
[BlackElo "2625"]
[WhiteFideId "12510130"]
[BlackFideId "13300580"]
[EventDate "2019.09.25"]
[EventType "blitz"]

1. e4 e6 2. d4 d5 3. e5 c5 4. c3 Nc6 5. Nf3 Qb6 6. a3 c4 7. Nbd2 Na5 8. Rb1 Bd7
9. g3 Ne7 10. h4 Nc8 11. Bh3 Qc7 12. O-O h6 13. Ne1 Nb6 14. Qe2 g6 15. h5 O-O-O
16. Ndf3 Be7 17. Ng2 g5 18. Nh2 Nb3 19. Be3 Rhg8 20. Ng4 Rh8 21. f4 gxf4 22.
Bxf4 Bf8 23. Qe3 Na4 24. Bxh6 Bxh6 25. Nxh6 Be8 26. g4 Kb8 27. g5 a6 28. Rf2 Ka7
29. Rbf1 Rd7 30. Bg4 Qb6 31. Nxf7 Bxf7 32. Rxf7 Rxf7 33. Rxf7 Nxb2 34. g6 Nd3
35. g7 Rg8 36. h6 Nbc1 37. h7 Rxg7 38. Rxg7 Qb1 39. Kh2 1-0

[Event "Chess24 Banter Blitz Cup"]
[Site "chess24.com INT"]
[Date "2020.01.07"]
[Round "1.7"]
[White "Akobian, Varuzhan"]
[Black "Idani, Pouya"]
[Result "1-0"]
[WhiteTitle "GM"]
[BlackTitle "GM"]
[WhiteElo "2625"]
[BlackElo "2568"]
[WhiteFideId "13300580"]
[BlackFideId "12510130"]
[EventDate "2019.09.25"]
[EventType "blitz"]

1. d4 f5 2. Nc3 Nf6 3. Bg5 d5 4. e3 e6 5. Nf3 Be7 6. Bd3 O-O 7. O-O Ne4 8. Bxe7
Qxe7 9. Ne2 b6 10. c4 Bb7 11. Qc2 Na6 12. a3 c5 13. cxd5 exd5 14. Nf4 c4 15.
Bxe4 fxe4 16. Ne5 Nc7 17. f3 exf3 18. Rxf3 Bc8 19. Nfg6 hxg6 20. Nxg6 Qe4 21.
Rxf8+ Kh7 22. Qxe4 dxe4 23. Ne7 Bb7 24. Rxa8 Bxa8 25. Rf1 b5 26. Rf8 a5 27. Rc8
Nd5 28. Nxd5 Bxd5 29. Rc5 1-0

[Event "Chess24 Banter Blitz Cup"]
[Site "chess24.com INT"]
[Date "2020.01.07"]
[Round "1.8"]
[White "Idani, Pouya"]
[Black "Akobian, Varuzhan"]
[Result "1-0"]
[WhiteTitle "GM"]
[BlackTitle "GM"]
[WhiteElo "2568"]
[BlackElo "2625"]
[WhiteFideId "12510130"]
[BlackFideId "13300580"]
[EventDate "2019.09.25"]
[EventType "blitz"]

1. e4 e6 2. d4 d5 3. e5 c5 4. c3 Nc6 5. Nf3 Qb6 6. a3 c4 7. Nbd2 Na5 8. Rb1 Bd7
9. Be2 Ne7 10. O-O Nc8 11. Ne1 Qc7 12. Bg4 Nb6 13. f4 Ba4 14. Qe2 g6 15. Ndf3
Be7 16. Be3 O-O-O 17. Bh3 Kb8 18. Ng5 Rdf8 19. Bf2 h6 20. Ngf3 Bd7 21. Nc2 Nb3
22. Ne3 h5 23. Bh4 Bxh4 24. Nxh4 Nc8 25. Nf3 Ne7 26. Ng5 a6 27. Rf3 Ka7 28. Rbf1
Qd8 29. g4 hxg4 30. Nxg4 Ng8 31. Bg2 Nh6 32. Rh3 Nxg4 33. Rxh8 Rxh8 34. Qxg4 Qf8
35. Rf3 Be8 36. Rf2 Nc1 37. Bf1 Nd3 38. Rd2 Bb5 39. b4 Rh5 40. Rg2 Qg7 41. Rg3
Rh6 42. Rh3 Rxh3 43. Bxh3 Be8 44. Bf1 Qf8 45. Qg3 Nb2 46. Qf2 Na4 47. Qe3 b5 48.
Kg2 Qh6 49. Kg3 Qh5 50. Be2 Qh6 51. Bd1 Kb7 52. Bxa4 bxa4 53. Qf3 Kc7 54. Qg4
Kd8 55. Nf3 1-0

[Event "Chess24 Banter Blitz Cup"]
[Site "chess24.com INT"]
[Date "2020.01.07"]
[Round "1.9"]
[White "Akobian, Varuzhan"]
[Black "Idani, Pouya"]
[Result "0-1"]
[WhiteTitle "GM"]
[BlackTitle "GM"]
[WhiteElo "2625"]
[BlackElo "2568"]
[WhiteFideId "13300580"]
[BlackFideId "12510130"]
[EventDate "2019.09.25"]
[EventType "blitz"]

1. d4 Nf6 2. c4 e6 3. Nf3 a6 4. Nc3 d5 5. cxd5 exd5 6. Bg5 Be6 7. e3 Nbd7 8. h3
Bd6 9. Bd3 c6 10. Bf4 Qb8 11. Qd2 Nh5 12. Bxd6 Qxd6 13. O-O O-O 14. Rab1 a5 15.
a3 Nhf6 16. b4 axb4 17. axb4 b5 18. Qc2 g6 19. Ne2 Nb6 20. Nf4 Nc4 21. Qc3 Ra3
22. Rb3 Rxb3 23. Qxb3 Ra8 24. Rb1 Ra3 25. Qd1 Ra4 26. Qe1 Bd7 27. Bc2 Ra3 28.
Rb3 Ra2 29. Qb1 Ra4 30. Qe1 Ne4 31. Nd3 Ra2 32. Qb1 Ra7 33. Nc5 Ncd2 34. Nxe4
Nxf3+ 35. gxf3 dxe4 36. Bxe4 Bxh3 37. Qc1 Qe7 38. Kh2 Qh4 39. Ra3 Bf1+ 40. Kg1
Rxa3 41. Qxa3 Qh3 0-1

[Event "Chess24 Banter Blitz Cup"]
[Site "chess24.com INT"]
[Date "2020.01.07"]
[Round "1.10"]
[White "Idani, Pouya"]
[Black "Akobian, Varuzhan"]
[Result "1-0"]
[WhiteTitle "GM"]
[BlackTitle "GM"]
[WhiteElo "2568"]
[BlackElo "2625"]
[WhiteFideId "12510130"]
[BlackFideId "13300580"]
[EventDate "2019.09.25"]
[EventType "blitz"]

1. e4 d6 2. d4 Nf6 3. Nc3 c6 4. Nf3 Bg4 5. Be2 e6 6. O-O d5 7. e5 Nfd7 8. Be3 c5
9. dxc5 Nc6 10. Nd4 Bxe2 11. Qxe2 Bxc5 12. Ncb5 Ncxe5 13. Nxe6 fxe6 14. Bxc5
Nxc5 15. Qxe5 O-O 16. b4 Rf5 17. Qe3 Ne4 18. f3 Ng5 19. Nd4 Rf8 20. h4 e5 21.
Qxe5 Nf7 22. Qg3 Qd7 23. Rae1 Rae8 24. c3 Nd6 25. Qg5 Nf7 26. Qf5 Qxf5 27. Nxf5
Rxe1 28. Rxe1 Rd8 29. Re7 g6 30. Nd4 Nd6 31. Ne6 Re8 32. Rxe8+ Nxe8 33. Kf2 h6
34. Ke3 Nd6 35. g4 Nb5 36. Kd3 b6 37. Nf4 g5 38. hxg5 hxg5 39. Nxd5 Kf7 40. c4
Nd6 41. c5 bxc5 42. bxc5 Ne8 43. Kd4 Ke6 44. Nc3 Nc7 45. Ne4 Nb5+ 46. Kc4 1-0

[Event "Chess24 Banter Blitz Cup"]
[Site "chess24.com INT"]
[Date "2020.01.07"]
[Round "1.11"]
[White "Akobian, Varuzhan"]
[Black "Idani, Pouya"]
[Result "1-0"]
[WhiteTitle "GM"]
[BlackTitle "GM"]
[WhiteElo "2625"]
[BlackElo "2568"]
[WhiteFideId "13300580"]
[BlackFideId "12510130"]
[EventDate "2019.09.25"]
[EventType "blitz"]

1. d4 Nf6 2. c4 e6 3. Nf3 a6 4. Nc3 d5 5. cxd5 exd5 6. Bg5 Be6 7. e3 Nbd7 8. h3
Bd6 9. Bd3 c6 10. Bf4 Qb8 11. Qd2 Nh5 12. Bxd6 Qxd6 13. O-O-O Nhf6 14. Kb1 O-O-O
15. Rc1 Kb8 16. Na4 h6 17. Qc2 Ne8 18. Nd2 Qc7 19. Nb3 Nd6 20. Nbc5 Nxc5 21.
Nxc5 Bc8 22. Qa4 Nb5 23. Rc2 Rhe8 24. Rhc1 g6 25. Qb4 Ka8 26. a4 Na7 27. a5 Bf5
28. Bxf5 gxf5 29. g3 Nb5 30. h4 Kb8 31. Na4 Qe7 32. Nc5 Qc7 33. Nxa6+ bxa6 34.
Rxc6 Qa7 35. Rb6+ Ka8 36. Rcc6 Nc7 37. Rxc7 Qxc7 38. Rxa6+ Qa7 39. Rxa7+ Kxa7
40. Qb6+ Ka8 41. Qc6+ Ka7 42. b4 Rb8 43. Qd7+ Ka6 44. Ka2 Re6 45. Kb3 Rb7 46.
Qxd5 Ree7 47. Ka4 Ka7 48. b5 Re6 49. b6+ Ka8 50. a6 1-0

[Event "Chess24 Banter Blitz Cup"]
[Site "chess24.com INT"]
[Date "2020.01.07"]
[Round "1.12"]
[White "Idani, Pouya"]
[Black "Akobian, Varuzhan"]
[Result "1/2-1/2"]
[WhiteTitle "GM"]
[BlackTitle "GM"]
[WhiteElo "2568"]
[BlackElo "2625"]
[WhiteFideId "12510130"]
[BlackFideId "13300580"]
[EventDate "2019.09.25"]
[EventType "blitz"]

1. e4 d6 2. d4 Nf6 3. Nc3 c6 4. f4 Qa5 5. Bd3 e5 6. Nf3 exd4 7. Nxd4 Qb6 8. Nf3
g6 9. Qe2 Bg7 10. e5 dxe5 11. fxe5 Nd5 12. Nxd5 cxd5 13. Be3 Qxb2 14. O-O O-O
15. Qf2 Nd7 16. Bd4 Qa3 17. Rae1 Qe7 18. Qg3 Nc5 19. e6 Nxe6 20. Bxg7 Kxg7 21.
Kh1 Bd7 22. Ne5 Rae8 23. Qf2 f6 24. Nf3 Qd6 25. Qxa7 Bc6 26. Qf2 d4 27. Be4 Bxe4
28. Rxe4 f5 29. Re5 Nc5 30. Rxe8 Rxe8 31. Qxd4+ Qxd4 32. Nxd4 Re3 33. h3 Ne4 34.
Rb1 Nd6 35. Rb6 Ne4 36. Rxb7+ Kh6 37. Nf3 Rc3 38. Rb2 g5 39. Kg1 g4 40. hxg4
fxg4 41. Ne5 Kg5 42. Nd3 h5 43. Rb5+ Kh6 44. Nf4 Ng3 45. Kf2 h4 46. Rb2 Ne4+ 47.
Ke1 h3 48. gxh3 gxh3 49. Nxh3 Rxh3 50. a4 Kg5 51. a5 Kf4 52. Rb3 Rxb3 53. cxb3
Nd6 54. Kd2 Ke4 55. Kc3 Kd5 56. Kb4 Kc6 57. Ka4 Kc5 58. b4+ Kc6 59. Kb3 Kb5 60.
Kc3 Nb7 61. Kb3 Nxa5+ 62. bxa5 Kxa5 1/2-1/2

[Event "Chess24 Banter Blitz Cup"]
[Site "chess24.com INT"]
[Date "2020.01.07"]
[Round "1.13"]
[White "Akobian, Varuzhan"]
[Black "Idani, Pouya"]
[Result "1/2-1/2"]
[WhiteTitle "GM"]
[BlackTitle "GM"]
[WhiteElo "2625"]
[BlackElo "2568"]
[WhiteFideId "13300580"]
[BlackFideId "12510130"]
[EventDate "2019.09.25"]
[EventType "blitz"]

1. d4 d5 2. c4 dxc4 3. e3 Nf6 4. Bxc4 e6 5. Nf3 a6 6. O-O b5 7. Be2 Bb7 8. a4 b4
9. b3 Nbd7 10. Bb2 c5 11. Nbd2 Rc8 12. Nc4 cxd4 13. Nxd4 Be7 14. Bf3 Nd5 15. Nf5
O-O 16. Bxg7 exf5 17. Bxd5 Bxd5 18. Bxf8 Nxf8 19. Nb6 Qxb6 20. Qxd5 Qe6 21. Rfd1
Rc3 22. Rab1 Rc5 23. Qxe6 fxe6 24. Kf1 Kf7 25. Ke2 Rc3 26. Rd3 Bf6 27. Rxc3 Bxc3
28. Kd3 Ke7 29. Kc4 Nd7 30. f4 Kd6 31. a5 Nf6 32. Rd1+ Nd5 33. Kd3 Kc5 34. h3
Nf6 35. Rg1 h5 36. g3 Ne4 37. Rg2 Kd5 38. Rg1 Nc5+ 39. Kc2 Ke4 40. g4 hxg4 41.
hxg4 fxg4 42. Rxg4 Kxe3 43. Rg5 Bd4 44. f5 Ne4 45. fxe6 Bf6 46. Rf5 Kd4 47. Rh5
Ng5 48. Rh6 Ke5 49. e7 Bxe7 50. Rxa6 Ne6 51. Rb6 Bc5 52. Rb5 Nd4+ 53. Kd3 Nxb5
54. Kc4 Kd6 55. Kxb5 Kd5 56. a6 Kd4 57. a7 Bxa7 58. Kxb4 Bc5+ 59. Kb5 Bf8 60. b4
Bxb4 1/2-1/2

[Event "Chess24 Banter Blitz Cup"]
[Site "chess24.com INT"]
[Date "2020.01.07"]
[Round "1.14"]
[White "Idani, Pouya"]
[Black "Akobian, Varuzhan"]
[Result "1-0"]
[WhiteTitle "GM"]
[BlackTitle "GM"]
[WhiteElo "2568"]
[BlackElo "2625"]
[WhiteFideId "12510130"]
[BlackFideId "13300580"]
[EventDate "2019.09.25"]
[EventType "blitz"]

1. e4 d6 2. d4 Nf6 3. Nc3 c6 4. f4 Qa5 5. e5 Ne4 6. Bd3 Nxc3 7. Qd2 d5 8. bxc3
c5 9. Nf3 Nc6 10. O-O c4 11. Be2 Bf5 12. Nh4 Be4 13. f5 g6 14. e6 fxe6 15. fxe6
O-O-O 16. Bf3 Bxf3 17. Nxf3 Rd6 18. Qe1 Nd8 19. Ng5 h6 20. Bf4 hxg5 21. Bxd6
exd6 22. e7 Bxe7 23. Qxe7 Nc6 24. Qe6+ Kc7 25. Rf7+ Kb6 26. Rb1+ Ka6 27. Qd7 Rb8
28. Rxb7 1-0

[Event "Chess24 Banter Blitz Cup"]
[Site "chess24.com INT"]
[Date "2020.01.07"]
[Round "1.15"]
[White "Akobian, Varuzhan"]
[Black "Idani, Pouya"]
[Result "0-1"]
[WhiteTitle "GM"]
[BlackTitle "GM"]
[WhiteElo "2625"]
[BlackElo "2568"]
[WhiteFideId "13300580"]
[BlackFideId "12510130"]
[EventDate "2019.09.25"]
[EventType "blitz"]

1. d4 Nf6 2. c4 e6 3. Nf3 d5 4. Nc3 Be7 5. Bf4 O-O 6. e3 b6 7. Rc1 c5 8. cxd5
Nxd5 9. Nxd5 exd5 10. Bd3 c4 11. Bb1 Nc6 12. h4 Bb4+ 13. Kf1 h6 14. Qc2 f5 15.
h5 Bd6 16. Rh3 Qc7 17. Qd2 b5 18. Rg3 Rf6 19. a3 Be6 20. Nh4 a5 21. Ng6 Bf7 22.
Bxd6 Qxd6 23. Nf4 b4 24. a4 b3 25. Kg1 Rb8 26. Qe2 Rb4 27. Ng6 Rxa4 28. Qf3 Bxg6
29. hxg6 Ne7 30. Rf1 Rb4 31. Rh3 a4 32. g4 fxg4 33. Qxg4 Rb8 34. Rf3 Rbf8 35.
Rxf6 Qxf6 36. f4 a3 37. bxa3 c3 38. Bd3 c2 39. Qd7 Kh8 40. Kf2 Qh4+ 41. Ke2 Qh2+
42. Kf3 Ng8 43. Qxd5 b2 44. Bxc2 Qxc2 45. Qe4 Qc1 46. Kf2 Rc8 0-1

[Event "Chess24 Banter Blitz Cup"]
[Site "chess24.com INT"]
[Date "2020.01.06"]
[Round "1.1"]
[White "Alsina Leal, Daniel"]
[Black "Maghsoodloo, Parham"]
[Result "0-1"]
[WhiteTitle "GM"]
[BlackTitle "GM"]
[WhiteElo "2467"]
[BlackElo "2664"]
[WhiteFideId "2252627"]
[BlackFideId "12539929"]
[EventDate "2019.09.25"]
[EventType "blitz"]

1. e4 e5 2. Nf3 Nc6 3. Bb5 Nf6 4. O-O Nxe4 5. Re1 Nd6 6. Nxe5 Be7 7. Bf1 Nxe5 8.
Rxe5 O-O 9. d4 Bf6 10. Bd3 Bxe5 11. dxe5 Ne8 12. Qh5 g6 13. Qh6 Qe7 14. Bf4 d6
15. exd6 Nxd6 16. Nc3 Be6 17. Re1 Rae8 18. Nd5 Bxd5 19. Rxe7 Rxe7 20. h3 Be4 21.
Bxd6 cxd6 22. Qf4 Bxd3 23. cxd3 Re6 24. Qd4 b6 25. a4 Rc8 26. Kh2 h5 27. Kg3 Rc5
28. b4 Rce5 29. Qc4 Kg7 30. Qc7 Rd5 31. Qxa7 Rxd3+ 32. Kh2 d5 33. a5 bxa5 34.
bxa5 d4 35. Qc5 Rd2 36. Qc4 Ree2 37. a6 Rxf2 38. Qd5 d3 39. a7 Rxg2+ 40. Qxg2
Rxg2+ 41. Kxg2 d2 42. a8=Q d1=Q 43. Qe4 Qd6 44. Qe3 Qf6 45. Qd3 Qf5 46. Qe3 Kf6
47. Qd4+ Qe5 48. Qf2+ Ke6 49. Qh4 Qd5+ 50. Kf2 f6 51. Kf1 Qb5+ 52. Kf2 Qg5 53.
Qe4+ Kf7 54. Qb7+ Ke6 55. Qc6+ Ke5 56. Qc5+ Ke6 57. Qc6+ Kf7 58. Qc7+ Kg8 59.
Qd8+ Kg7 60. Qd7+ Kh6 61. Qe8 Qf5+ 62. Ke2 Kg5 63. Kd2 Kh4 64. Qd7 Qf4+ 0-1

[Event "Chess24 Banter Blitz Cup"]
[Site "chess24.com INT"]
[Date "2020.01.06"]
[Round "1.2"]
[White "Maghsoodloo, Parham"]
[Black "Alsina Leal, Daniel"]
[Result "1-0"]
[WhiteTitle "GM"]
[BlackTitle "GM"]
[WhiteElo "2664"]
[BlackElo "2467"]
[WhiteFideId "12539929"]
[BlackFideId "2252627"]
[EventDate "2019.09.25"]
[EventType "blitz"]

1. Nf3 c5 2. c4 Nc6 3. b3 g6 4. Bb2 Nf6 5. g3 Bg7 6. Bg2 O-O 7. O-O Rb8 8. d4
cxd4 9. Nxd4 Nxd4 10. Qxd4 d6 11. Nc3 Bd7 12. Qxa7 Bc6 13. Qd4 Bxg2 14. Kxg2 Nd7
15. Qd2 Nc5 16. f3 Qd7 17. h4 h5 18. e4 Rfc8 19. Rfd1 Qe8 20. Rac1 Bf6 21. Nd5
Bxb2 22. Qxb2 Ne6 23. e5 dxe5 24. Qxe5 b5 25. c5 b4 26. c6 Kh7 27. Rd2 Kg8 28.
Rdc2 Kh7 29. c7 Rb7 30. Rc6 Ra7 31. R1c2 Ra3 32. Rxe6 fxe6 33. Qxe6 Ra7 34. Kh3
Kg7 35. Rc6 Ra5 36. Qxe7+ Qxe7 37. Nxe7 1-0

[Event "Chess24 Banter Blitz Cup"]
[Site "chess24.com INT"]
[Date "2020.01.06"]
[Round "1.3"]
[White "Alsina Leal, Daniel"]
[Black "Maghsoodloo, Parham"]
[Result "1-0"]
[WhiteTitle "GM"]
[BlackTitle "GM"]
[WhiteElo "2467"]
[BlackElo "2664"]
[WhiteFideId "2252627"]
[BlackFideId "12539929"]
[EventDate "2019.09.25"]
[EventType "blitz"]

1. e4 e5 2. Nf3 Nc6 3. Bb5 a6 4. Ba4 Nf6 5. O-O Be7 6. Re1 b5 7. Bb3 O-O 8. a4
b4 9. d3 d6 10. Nbd2 Be6 11. Bc4 Na5 12. Bxe6 fxe6 13. Nf1 c5 14. Ng3 Nc6 15. c3
a5 16. d4 Qd7 17. dxe5 Nxe5 18. Nxe5 dxe5 19. Qxd7 Nxd7 20. Nf1 c4 21. Be3 Nc5
22. Bxc5 Bd6 23. Bxd6 1-0

[Event "Chess24 Banter Blitz Cup"]
[Site "chess24.com INT"]
[Date "2020.01.06"]
[Round "1.4"]
[White "Maghsoodloo, Parham"]
[Black "Alsina Leal, Daniel"]
[Result "1-0"]
[WhiteTitle "GM"]
[BlackTitle "GM"]
[WhiteElo "2664"]
[BlackElo "2467"]
[WhiteFideId "12539929"]
[BlackFideId "2252627"]
[EventDate "2019.09.25"]
[EventType "blitz"]

1. Nf3 c5 2. c4 Nc6 3. b3 e6 4. g3 Nf6 5. Bg2 Be7 6. O-O O-O 7. Bb2 d5 8. cxd5
Nxd5 9. Nc3 Nxc3 10. dxc3 Qc7 11. e4 b6 12. Qe2 Bb7 13. h4 h6 14. Rfd1 Rad8 15.
e5 Rxd1+ 16. Rxd1 Rd8 17. c4 Rxd1+ 18. Qxd1 Qd8 19. Qxd8+ Bxd8 20. Nd2 Bc7 21.
h5 Nd8 22. Bxb7 Nxb7 23. f4 Kf8 24. g4 Ke7 25. Kf2 Nd8 26. Ke3 Nc6 27. Ke4 f6
28. Nf3 fxe5 29. Bxe5 Bxe5 30. Nxe5 Nd4 31. b4 Nc6 32. Nxc6+ 1-0

[Event "Chess24 Banter Blitz Cup"]
[Site "chess24.com INT"]
[Date "2020.01.06"]
[Round "1.5"]
[White "Alsina Leal, Daniel"]
[Black "Maghsoodloo, Parham"]
[Result "1-0"]
[WhiteTitle "GM"]
[BlackTitle "GM"]
[WhiteElo "2467"]
[BlackElo "2664"]
[WhiteFideId "2252627"]
[BlackFideId "12539929"]
[EventDate "2019.09.25"]
[EventType "blitz"]

1. e4 c5 2. Nf3 Nc6 3. Bb5 g6 4. Bxc6 dxc6 5. d3 Qc7 6. h3 e5 7. Be3 b6 8. Nbd2
Ne7 9. O-O Bg7 10. a3 f5 11. Nc4 f4 12. Bd2 Be6 13. Ncxe5 O-O 14. Bc3 h6 15. Qd2
g5 16. Ng4 Ng6 17. Bxg7 Qxg7 18. Qc3 Rae8 19. Qxg7+ Kxg7 20. b4 h5 21. Nge5 g4
22. Nxg6 Kxg6 23. hxg4 hxg4 24. Nh4+ Kg5 25. g3 f3 26. bxc5 bxc5 27. Rfb1 Rb8
28. Kf1 c4 29. Ke1 c3 30. a4 Rb2 31. Rc1 Rfb8 32. Ra3 Rb1 33. Kd1 Rxc1+ 34. Kxc1
c5 35. Rxc3 c4 36. dxc4 Rb4 37. c5 Rxa4 38. c6 Rxe4 39. c7 Bc8 40. Rc5+ Kf6 41.
Nf5 Re5 42. Rxe5 Kxe5 43. Ne3 Kd6 44. Kd2 Kxc7 45. c3 Kc6 46. Kc2 a5 47. Kb2 a4
48. Nc2 Kc5 49. Ne3 Bf5 50. Nd1 1-0